Statistics for Singers Pitbull Has Collaborated with

Click here to take the quiz!

General Stats

  • This quiz has been taken 244 times
  • The average score is 6 of 14

Answer Stats

AnswerSongYear% Correct
Ke$haTimber2013
93%
As featured artistJLoOn the Floor2011
89%
UsherDJ Got Us Fallin' In Love2010
71%
Pitbull as lead artistChristina AguileraFeel This Moment2012
61%
Chris BrownInternational Love2011
56%
ShakiraGet It Started2012
49%
ShakiraRabiosa2011
49%
Enrique IglesiasI Like It2010
45%
Marc AnthonyRain Over Me2011
40%
Flo RidaCan't Believe It2013
20%
AkonShut It Down2009
18%
Taio CruzThere She Goes2012
14%
TJRDon't Stop the Party2012
11%
Alexandra BurkeAll Night Long2010
10%

Score Distribution

Percentile by Number Answered

Percent of People with Each Score

Your Score History

You have not taken this quiz